000 06072 a2200481 4500
008 090326t xxu||||| |||| 00| 0 hind
010 _aBPPD-H172 B-287238-260
020 _c200.00
_a8181661893
035 _aB-287238-260
037 _bमेघा बुक्स
040 _adpl
_bHN
082 _a
100 _aठाकुर, संजीव
245 _aफ्रीलांस ज़िंदगी /
_cसंजीव ठाकुर
260 _aदिल्ली
_bमेधा बुक्स
_c2007
270 _aएक्स-11, नवीन शाहदरा
_bदिल्ली
_e110032
300 _a167पृ.
_c22सेमी (सजिल्द)
942 _adpl
_cHN
_2ddc
_h
_mठाकुर
999 _c12489
_d12489